[Event "20. Open Villa de Benidorm"]
[Site "Benidorm ESP"]
[Date "2007.04.22"]
[Round "1.1"]
[White "Alcaraz Carcel, Antonio"]
[Black "Gagunashvili, Merab"]
[Result "0-1"]
[WhiteElo "1946"]
[BlackElo "2625"]
[PlyCount "72"]
[EventDate "2007.04.22"]
[EventType "swiss"]
[EventRounds "9"]
[EventCountry "ESP"]
[Source "lmi"]
[SourceDate "2007.04.22"]

1. d4 d6 2. e4 Nf6 3. Nc3 Nbd7 4. Bc4 e5 5. Nge2 c6 6. a4 Be7 7. O-O O-O 8. Kh1
Re8 9. f3 Qc7 10. Be3 Nf8 11. Qd2 a5 12. Rfd1 exd4 13. Nxd4 Ng6 14. Qf2 Bf8 15.
Rd2 Ne5 16. Be2 Nfd7 17. Nb3 b6 18. f4 Ng6 19. Rad1 Nc5 20. Nd4 Bd7 21. Bf3
Rad8 22. g4 Ne7 23. Nde2 d5 24. exd5 Nxd5 25. Nxd5 cxd5 26. Nc3 Bc6 27. Bxd5
Rxd5 28. Rxd5 Ne4 29. Nxe4 Rxe4 30. b3 Qe7 31. Bxb6 Bxd5 32. Rxd5 Re1+ 33. Kg2
Re2 34. Rd2 Rxf2+ 35. Rxf2 Qd7 36. h3 Qd5+ 0-1

[Event "20. Open Villa de Benidorm"]
[Site "Benidorm ESP"]
[Date "2007.04.22"]
[Round "1.2"]
[White "Lopez Martinez, Josep Manuel"]
[Black "Arnot, Bob"]
[Result "1-0"]
[WhiteElo "2563"]
[BlackElo "1946"]
[PlyCount "56"]
[EventDate "2007.04.22"]
[EventType "swiss"]
[EventRounds "9"]
[EventCountry "ESP"]
[Source "lmi"]
[SourceDate "2007.04.22"]

1. Nf3 Nf6 2. c4 g6 3. Nc3 Bg7 4. e4 d6 5. d4 O-O 6. h3 c6 7. Bg5 h6 8. Be3 e5
9. d5 cxd5 10. cxd5 Qa5 11. Nd2 a6 12. Nc4 Qd8 13. Nb6 Nbd7 14. Nxa8 Nc5 15.
Qb1 Bd7 16. Nb6 Bb5 17. Nc4 Nh5 18. b4 Nxe4 19. Nxe4 Bxc4 20. Bxc4 f5 21. Be2
Nf4 22. Bxf4 exf4 23. O-O fxe4 24. Qxe4 Re8 25. Qd3 h5 26. Rac1 Qf6 27. Rc7 b5
28. Bf3 Kf8 1-0

[Event "20. Open Villa de Benidorm"]
[Site "Benidorm ESP"]
[Date "2007.04.22"]
[Round "1.3"]
[White "Cruz Lledo, Pablo"]
[Black "Strikovic, Aleksa"]
[Result "0-1"]
[WhiteElo "1944"]
[BlackElo "2563"]
[PlyCount "63"]
[EventDate "2007.04.22"]
[EventType "swiss"]
[EventRounds "9"]
[EventCountry "ESP"]
[Source "lmi"]
[SourceDate "2007.04.22"]

1. d4 d6 2. c4 e5 3. d5 f5 4. Nc3 Nf6 5. g3 g6 6. Bg2 Bg7 7. e4 O-O 8. Nge2
Nbd7 9. O-O Nc5 10. f3 a5 11. Na4 fxe4 12. Nxc5 exf3 13. Bxf3 dxc5 14. Nc3 Bh3
15. Re1 Qd7 16. Be3 b6 17. Qd2 Ne8 18. Bg2 Nd6 19. b3 e4 20. Rac1 Rae8 21. Bh6
Bxh6 22. Qxh6 Bxg2 23. Kxg2 Qg4 24. Qe3 Rf3 25. Qe2 Ref8 26. Rf1 h5 27. a3 Nf5
28. Rxf3 exf3+ 29. Qxf3 Nd6 30. Ne4 Nf5 31. Qe2 a4 32. Rh1 0-1

[Event "20. Open Villa de Benidorm"]
[Site "Benidorm ESP"]
[Date "2007.04.22"]
[Round "1.5"]
[White "Navarro Lopez-Menchero, Daniel"]
[Black "Khamrakulov, Ibragim S"]
[Result "0-1"]
[WhiteElo "1938"]
[BlackElo "2545"]
[PlyCount "50"]
[EventDate "2007.04.22"]
[EventType "swiss"]
[EventRounds "9"]
[EventCountry "ESP"]
[Source "lmi"]
[SourceDate "2007.04.22"]

1. e4 c5 2. Nf3 a6 3. d4 cxd4 4. Nxd4 Nf6 5. Nc3 e5 6. Nb3 Bb4 7. Bd2 O-O 8.
Bd3 Nc6 9. O-O Bxc3 10. bxc3 d6 11. Bg5 h6 12. Bh4 Be6 13. Qe2 Rc8 14. Bc4 Nd4
15. cxd4 Bxc4 16. Bxf6 Qxf6 17. Qd2 Bxf1 18. Rxf1 Rc7 19. c3 Rfc8 20. Rc1 Qf4
21. dxe5 Qxd2 22. Nxd2 Rxc3 23. Rxc3 Rxc3 24. exd6 Rd3 25. Nf1 Rxd6 0-1

[Event "20. Open Villa de Benidorm"]
[Site "Benidorm ESP"]
[Date "2007.04.22"]
[Round "1.6"]
[White "Jankovic, Alojzije"]
[Black "Galvan Ruiz, Mario"]
[Result "1-0"]
[WhiteElo "2541"]
[BlackElo "1937"]
[PlyCount "59"]
[EventDate "2007.04.22"]
[EventType "swiss"]
[EventRounds "9"]
[EventCountry "ESP"]
[Source "lmi"]
[SourceDate "2007.04.22"]

1. d4 Nf6 2. Nf3 e6 3. c4 Bb4+ 4. Nbd2 b6 5. e3 Bb7 6. Bd3 O-O 7. a3 Bxd2+ 8.
Bxd2 Ne4 9. O-O f5 10. Qe2 d6 11. Be1 Qe8 12. Nd2 Qg6 13. f3 Nf6 14. c5 e5 15.
dxe5 dxe5 16. Rc1 e4 17. fxe4 fxe4 18. Bc4+ Kh8 19. Bg3 Nbd7 20. cxb6 cxb6 21.
Bb5 Rfc8 22. Nc4 a6 23. Bxd7 Nxd7 24. Rcd1 Qc6 25. Rf7 Nc5 26. Qg4 Qg6 27. Qxg6
hxg6 28. Nxb6 Rd8 29. Rdf1 Bc6 30. Nxa8 1-0

[Event "20. Open Villa de Benidorm"]
[Site "Benidorm ESP"]
[Date "2007.04.22"]
[Round "1.8"]
[White "Suba, Mihai"]
[Black "Tonus, Alex"]
[Result "1-0"]
[WhiteElo "2537"]
[BlackElo "1928"]
[PlyCount "64"]
[EventDate "2007.04.22"]
[EventType "swiss"]
[EventRounds "9"]
[EventCountry "ESP"]
[Source "lmi"]
[SourceDate "2007.04.22"]

1. c4 Nf6 2. Nc3 g6 3. Nf3 Bg7 4. g3 O-O 5. Bg2 d6 6. O-O e5 7. d4 Nbd7 8. h3
c6 9. e4 Qb6 10. Re1 Re8 11. d5 cxd5 12. cxd5 a6 13. a4 Qd8 14. b3 Nh5 15. Nd2
Qa5 16. Bb2 Nf8 17. Nc4 Qc7 18. Ba3 Rd8 19. a5 f5 20. Na4 fxe4 21. Nab6 Rb8 22.
Rc1 Qe7 23. Nxd6 Bh6 24. Rxc8 Rbxc8 25. Nbxc8 Rxc8 26. Nxc8 Qxa3 27. d6 Nf6 28.
Bxe4 Qxa5 29. Bxb7 N8d7 30. Bc6 Qc5 31. Qd3 Qb4 32. Rd1 Bf8 1-0

[Event "20. Open Villa de Benidorm"]
[Site "Benidorm ESP"]
[Date "2007.04.22"]
[Round "1.10"]
[White "Paunovic, Dragan"]
[Black "Custard Gasco, Daniel"]
[Result "1-0"]
[WhiteElo "2524"]
[BlackElo "1919"]
[PlyCount "97"]
[EventDate "2007.04.22"]
[EventType "swiss"]
[EventRounds "9"]
[EventCountry "ESP"]
[Source "lmi"]
[SourceDate "2007.04.22"]

1. c4 Nf6 2. Nf3 c5 3. g3 Nc6 4. Bg2 g6 5. O-O Bg7 6. d4 cxd4 7. Nxd4 O-O 8. c5
Re8 9. Nc3 Nxd4 10. Qxd4 Qc7 11. Be3 a6 12. Rac1 d6 13. cxd6 Qxd6 14. Qxd6 exd6
15. Rfd1 Bf5 16. Rxd6 Ne4 17. Nxe4 Bxe4 18. Bxe4 Rxe4 19. b3 Re7 20. Rcd1 h5
21. Rd7 Rae8 22. Kf1 b5 23. Rxe7 Rxe7 24. Rd8+ Kh7 25. Rd6 Re6 26. Rxe6 fxe6
27. Kg2 Kg8 28. Kf3 Kf7 29. Ke4 Bf8 30. Ke5 Bb4 31. f3 Be7 32. g4 hxg4 33. fxg4
a5 34. a4 bxa4 35. bxa4 Bb4 36. h4 Be1 37. h5 gxh5 38. gxh5 Bc3+ 39. Ke4 Bf6
40. Bb6 Bc3 41. Kd3 Bb4 42. Kc4 Kg7 43. Kb5 Kh6 44. Bxa5 Bd6 45. Bb6 Kxh5 46.
a5 Kg4 47. Kc6 Bb8 48. a6 e5 49. Kb7 1-0

[Event "20. Open Villa de Benidorm"]
[Site "Benidorm ESP"]
[Date "2007.04.22"]
[Round "1.11"]
[White "Ibarrola Arino, Ignacio"]
[Black "Saric, Ante"]
[Result "0-1"]
[WhiteElo "1893"]
[BlackElo "2496"]
[PlyCount "98"]
[EventDate "2007.04.22"]
[EventType "swiss"]
[EventRounds "9"]
[EventCountry "ESP"]
[Source "lmi"]
[SourceDate "2007.04.22"]

1. Nf3 g6 2. d4 Nf6 3. c4 Bg7 4. Nc3 d5 5. cxd5 Nxd5 6. Na4 O-O 7. e3 Nd7 8.
Be2 c6 9. O-O e5 10. dxe5 Nxe5 11. e4 Nxf3+ 12. Bxf3 Nc7 13. Be3 Nb5 14. Qxd8
Rxd8 15. Rad1 Nd4 16. Nc3 Be6 17. Bxd4 Bxd4 18. a3 Bb3 19. Rc1 Bb6 20. Bd1 Bc4
21. Be2 Bxe2 22. Nxe2 Rd2 23. Ng3 Rxb2 24. Rcd1 Rd8 25. Rxd8+ Bxd8 26. Rd1 Bb6
27. Rd7 Bxf2+ 28. Kf1 Bxg3 29. hxg3 a5 30. e5 a4 31. Rd8+ Kg7 32. Rd7 Kf8 33.
g4 b5 34. Rd6 Rb3 35. Rxc6 Rxa3 36. Ke2 b4 37. Kd2 Ra2+ 38. Kc1 b3 39. Ra6 Ke7
40. Kb1 a3 41. Rb6 Rxg2 42. Rxb3 Rxg4 43. Rxa3 Re4 44. Ra7+ Ke6 45. Ra6+ Kxe5
46. Ra7 Kf6 47. Kc2 h5 48. Kd3 Re6 49. Ra1 g5 0-1

[Event "20. Open Villa de Benidorm"]
[Site "Benidorm ESP"]
[Date "2007.04.22"]
[Round "1.12"]
[White "Movsziszian, Karen"]
[Black "Benito Alba, Eladio"]
[Result "1-0"]
[WhiteElo "2494"]
[BlackElo "1881"]
[PlyCount "79"]
[EventDate "2007.04.22"]
[EventType "swiss"]
[EventRounds "9"]
[EventCountry "ESP"]
[Source "lmi"]
[SourceDate "2007.04.22"]

1. e4 d5 2. exd5 Qxd5 3. Nc3 Qa5 4. d4 Nf6 5. Nf3 Bf5 6. Bc4 e6 7. Bd2 c6 8.
Nd5 Qd8 9. Nxf6+ gxf6 10. Bb3 Nd7 11. Qe2 Qc7 12. Nh4 Bg6 13. f4 f5 14. O-O Be7
15. Qe1 Nf6 16. Ba5 b6 17. Bb4 Ne4 18. Bxe7 Qxe7 19. c3 O-O 20. Bc2 Nd6 21. Rf3
Rac8 22. Rh3 c5 23. Nf3 f6 24. Rd1 Rcd8 25. Nh4 cxd4 26. cxd4 Rfe8 27. Qe2 Qb7
28. Re3 Ne4 29. Nxg6 hxg6 30. Bxe4 fxe4 31. Rxe4 Qd5 32. Re3 Rd7 33. b3 Qf5 34.
g3 Kg7 35. Rc3 Qd5 36. h4 Red8 37. Kh2 Rd6 38. Qc2 Qh5 39. Rc7+ R8d7 40. Rd2
1-0

[Event "20. Open Villa de Benidorm"]
[Site "Benidorm ESP"]
[Date "2007.04.22"]
[Round "1.14"]
[White "Radulski, Julian"]
[Black "Blanco Blanco, Jesus"]
[Result "1-0"]
[WhiteElo "2485"]
[BlackElo "1856"]
[PlyCount "57"]
[EventDate "2007.04.22"]
[EventType "swiss"]
[EventRounds "9"]
[EventCountry "ESP"]
[Source "lmi"]
[SourceDate "2007.04.22"]

1. e4 e6 2. d4 d5 3. Nc3 Nf6 4. e5 Nfd7 5. f4 c5 6. Nf3 Nc6 7. Be3 Qb6 8. Qd2
cxd4 9. Nxd4 Nxd4 10. Bxd4 Qa5 11. Nb5 Qxd2+ 12. Kxd2 Kd8 13. Nxa7 Nc5 14. Nxc8
Kxc8 15. Bb5 Ra5 16. a4 Be7 17. Ke3 Nd7 18. c4 Bc5 19. Bxc5 Nxc5 20. b4 Rxb5
21. axb5 Nd7 22. Ra8+ Nb8 23. cxd5 exd5 24. Rc1+ Kd7 25. b6 Rd8 26. Rc7+ Ke6
27. Rxb7 Nc6 28. Rxd8 Nxd8 29. Rc7 1-0

[Event "20. Open Villa de Benidorm"]
[Site "Benidorm ESP"]
[Date "2007.04.22"]
[Round "1.16"]
[White "Algaba Traspuesto, Jose Antonio"]
[Black "Llanes Hurtado, Miguel"]
[Result "0-1"]
[WhiteElo "1822"]
[BlackElo "2441"]
[PlyCount "84"]
[EventDate "2007.04.22"]
[EventType "swiss"]
[EventRounds "9"]
[EventCountry "ESP"]
[Source "lmi"]
[SourceDate "2007.04.22"]

1. Nf3 d5 2. d4 c6 3. c3 Bf5 4. Bf4 e6 5. e3 Nd7 6. Qb3 Qb6 7. Nbd2 Ngf6 8. h3
c5 9. Nh4 c4 10. Qxb6 axb6 11. Nxf5 exf5 12. Be2 b5 13. Bf3 b4 14. g4 bxc3 15.
bxc3 Ne4 16. Bxe4 fxe4 17. Ke2 Ke7 18. Rhb1 b6 19. Nf1 Ke6 20. Kd2 Bd6 21. Bxd6
Kxd6 22. Ng3 g6 23. Ne2 Ra3 24. Rb2 Kc6 25. Nf4 Rha8 26. Ng2 Rf8 27. Ne1 f5 28.
Nc2 Raa8 29. Nb4+ Kd6 30. gxf5 Rxf5 31. Ke2 Raf8 32. Rf1 Rf3 33. h4 Rh3 34.
Rbb1 Rh2 35. Nc2 Rxh4 36. Rh1 Rxh1 37. Rxh1 Nf6 38. Rb1 Kc7 39. Nb4 g5 40. Rg1
h6 41. Rf1 Kd6 42. f4 Nh5 0-1

[Event "20. Open Villa de Benidorm"]
[Site "Benidorm ESP"]
[Date "2007.04.22"]
[Round "1.17"]
[White "Barlov, Dragan"]
[Black "Rivas Crespo, Alexander"]
[Result "0-1"]
[WhiteElo "2439"]
[BlackElo "1810"]
[PlyCount "121"]
[EventDate "2007.04.22"]
[EventType "swiss"]
[EventRounds "9"]
[EventCountry "ESP"]
[Source "lmi"]
[SourceDate "2007.04.22"]

1. d4 Nf6 2. c4 g6 3. Nf3 Bg7 4. g3 O-O 5. Bg2 d5 6. cxd5 Qxd5 7. Nc3 Qd8 8.
O-O c6 9. h3 Nd5 10. e4 Nb6 11. Qe2 Na6 12. Rd1 Be6 13. Bf4 Nc7 14. Rac1 Bc4
15. Qe3 Ba6 16. b3 e6 17. Bh6 Re8 18. Bxg7 Kxg7 19. Ne5 f6 20. Ng4 Qe7 21. Qh6+
Kh8 22. a4 Qg7 23. Qf4 f5 24. Ne5 fxe4 25. Nxe4 Ncd5 26. Qh4 Kg8 27. Nc5 Be2
28. Re1 g5 29. Qe4 Bh5 30. a5 Nf6 31. Qd3 Nbd5 32. a6 b6 33. Nb7 Nb4 34. Qc4
Nfd5 35. Bxd5 Nxd5 36. Qxc6 Qe7 37. Qd6 Nb4 38. Qxe7 Rxe7 39. Nc6 Nxc6 40. Rxc6
Rae8 41. Nd6 Bf3 42. Rc3 Rd8 43. Nf5 Red7 44. Nh6+ Kg7 45. Rxf3 Kxh6 46. Rxe6+
Kg7 47. Rf5 Rxd4 48. Rxg5+ Kf7 49. Rh6 Rh8 50. Rgh5 Kg7 51. Rc6 Rd7 52. Rg5+
Kf7 53. Re5 Rhd8 54. Kg2 Re8 55. Rxe8 Kxe8 56. Rc8+ Ke7 57. g4 Kd6 58. f4 Rf7
59. Kf3 Kd7 60. Rb8 Kc6 61. f5 0-1

[Event "20. Open Villa de Benidorm"]
[Site "Benidorm ESP"]
[Date "2007.04.22"]
[Round "1.19"]
[White "Butron Cayuelas, Manuel"]
[Black "Saldaño, Horacio"]
[Result "0-1"]
[WhiteElo "1748"]
[BlackElo "2422"]
[PlyCount "94"]
[EventDate "2007.04.22"]
[EventType "swiss"]
[EventRounds "9"]
[EventCountry "ESP"]
[Source "lmi"]
[SourceDate "2007.04.22"]

1. d4 Nf6 2. c4 g6 3. Nc3 Bg7 4. Nf3 d6 5. e3 O-O 6. Be2 Nbd7 7. O-O e5 8. dxe5
dxe5 9. e4 c6 10. Qc2 Qe7 11. h3 Nh5 12. Re1 Nf4 13. Bf1 Qf6 14. Bxf4 Qxf4 15.
Ne2 Qf6 16. b4 a5 17. a3 Re8 18. c5 Nf8 19. Nd2 Qg5 20. Nf3 Qe7 21. Nd2 Be6 22.
Ng3 Red8 23. Nc4 axb4 24. axb4 Bxc4 25. Bxc4 Ne6 26. Ne2 Nd4 27. Qb2 h5 28.
Rxa8 Rxa8 29. Ra1 Rd8 30. Ra7 Bh6 31. Ra2 h4 32. Qa1 Kh7 33. Kf1 Rd7 34. Nc3 b5
35. Be2 Qe6 36. Bg4 f5 37. Bd1 Qc4+ 38. Kg1 Qxb4 39. exf5 gxf5 40. Bh5 Qxc5 41.
Ra8 Rg7 42. Re8 Ra7 43. Qb2 b4 44. Ne2 Nxe2+ 45. Qxe2 Ra1+ 46. Kh2 Bf4+ 47. g3
hxg3+ 0-1

[Event "20. Open Villa de Benidorm"]
[Site "Benidorm ESP"]
[Date "2007.04.22"]
[Round "1.20"]
[White "Vassallo, Mauricio"]
[Black "Sogues Tena, Pilar"]
[Result "1-0"]
[WhiteElo "2392"]
[BlackElo "1742"]
[PlyCount "85"]
[EventDate "2007.04.22"]
[EventType "swiss"]
[EventRounds "9"]
[EventCountry "ESP"]
[Source "lmi"]
[SourceDate "2007.04.22"]

1. d4 d6 2. e4 Nf6 3. Nc3 g6 4. f4 Bg7 5. Nf3 O-O 6. Bd3 Bg4 7. h3 Bxf3 8. Qxf3
Nc6 9. Ne2 e5 10. d5 Nb4 11. f5 Nxd3+ 12. cxd3 Nd7 13. O-O a5 14. Be3 Qe7 15.
Rac1 Rac8 16. g4 f6 17. h4 b6 18. Ng3 Qf7 19. fxg6 hxg6 20. h5 g5 21. Nf5 Kh7
22. Rc2 Nc5 23. Qd1 Qd7 24. Rcf2 Rf7 25. b3 Rcf8 26. Qd2 Qb5 27. Bxc5 Qxc5 28.
Kg2 Qb5 29. Rf3 Qd7 30. Kg3 Qd8 31. Rc1 Bh6 32. Rc6 Rd7 33. Rf1 Rff7 34. Rfc1
Bf8 35. Ne3 Qa8 36. a4 Qb8 37. Nc4 Qa7 38. Na3 Qb8 39. Nb5 Kg7 40. R1c4 Rfe7
41. Qc1 Kf7 42. Nxc7 Qb7 43. Nb5 1-0

[Event "20. Open Villa de Benidorm"]
[Site "Benidorm ESP"]
[Date "2007.04.23"]
[Round "2.1"]
[White "Gagunashvili, Merab"]
[Black "Eggleston, David J"]
[Result "1-0"]
[WhiteElo "2625"]
[BlackElo "2300"]
[PlyCount "95"]
[EventDate "2007.04.22"]
[EventType "swiss"]
[EventRounds "9"]
[EventCountry "ESP"]
[Source "lmi"]
[SourceDate "2007.04.22"]

1. d4 e6 2. c4 f5 3. g3 Nf6 4. Bg2 Be7 5. Nf3 O-O 6. O-O Ne4 7. b3 a5 8. Qc2
Nc6 9. Bb2 Bf6 10. Rd1 d5 11. Nc3 Bd7 12. e3 Ne7 13. Ne2 a4 14. Rac1 axb3 15.
axb3 c6 16. Nf4 Qe8 17. Nd3 Ng6 18. Ra1 Qe7 19. Nfe5 Bxe5 20. dxe5 Ng5 21. Bd4
Rfc8 22. Ba7 Nf7 23. f4 Nf8 24. Ra5 Be8 25. Rda1 Nd7 26. Bd4 Rxa5 27. Rxa5 Qd8
28. Ra7 Rb8 29. Kf2 Nh8 30. b4 Ng6 31. Nc5 Nxc5 32. Bxc5 b6 33. Bd6 Ra8 34. Bc7
Qc8 35. Rxa8 Qxa8 36. cxd5 cxd5 37. Bxb6 Qa6 38. Ba5 Bb5 39. Qc7 h6 40. Qb6 Nf8
41. Qxa6 Bxa6 42. Bf1 Bxf1 43. Kxf1 Kf7 44. b5 Ke8 45. b6 Nd7 46. b7 Kf7 47.
Bc7 Nb6 48. Bd6 1-0

[Event "20. Open Villa de Benidorm"]
[Site "Benidorm ESP"]
[Date "2007.04.23"]
[Round "2.2"]
[White "Garcia Jimenez, Fransisco J"]
[Black "Lopez Martinez, Josep Manuel"]
[Result "0-1"]
[WhiteElo "2309"]
[BlackElo "2563"]
[PlyCount "68"]
[EventDate "2007.04.22"]
[EventType "swiss"]
[EventRounds "9"]
[EventCountry "ESP"]
[Source "lmi"]
[SourceDate "2007.04.22"]

1. e4 c6 2. Nf3 d5 3. exd5 cxd5 4. Ne5 Nf6 5. d4 Nc6 6. f4 g6 7. Bb5 Qb6 8. c4
Bg7 9. cxd5 Nxd5 10. Nc3 Be6 11. Bxc6+ bxc6 12. Ne4 f6 13. Nc5 Nc7 14. Nxe6
Nxe6 15. Nf3 f5 16. O-O Nxd4 17. Nxd4 Qxd4+ 18. Qxd4 Bxd4+ 19. Kh1 Kf7 20. Rb1
Rhd8 21. b3 Bb6 22. Rb2 Rd3 23. Rc2 Rad8 24. g3 R8d6 25. Ba3 Re6 26. Rfc1 Be3
27. Re1 Rd2 28. Re2 Rxe2 29. Rxe2 Bb6 30. Rc2 Ke8 31. Bb2 Rd6 32. Be5 Rd1+ 33.
Kg2 Kd7 34. Re2 Ke8 0-1

[Event "20. Open Villa de Benidorm"]
[Site "Benidorm ESP"]
[Date "2007.04.23"]
[Round "2.3"]
[White "Strikovic, Aleksa"]
[Black "Kusnetsov, Kirill"]
[Result "1/2-1/2"]
[WhiteElo "2563"]
[BlackElo "2242"]
[PlyCount "118"]
[EventDate "2007.04.22"]
[EventType "swiss"]
[EventRounds "9"]
[EventCountry "ESP"]
[Source "lmi"]
[SourceDate "2007.04.22"]

1. c4 Nf6 2. Nc3 c6 3. e4 e5 4. Nf3 Qc7 5. d4 d6 6. Be2 Be7 7. O-O O-O 8. Re1
Re8 9. Rb1 Bf8 10. d5 Nbd7 11. b4 a6 12. Bd2 g6 13. Qc2 c5 14. a3 b6 15. Rb2
Nh5 16. Reb1 Nf4 17. Bf1 Nf6 18. bxc5 bxc5 19. Na4 Ra7 20. Nb6 Bg4 21. Ne1 Nxe4
22. Bxf4 exf4 23. f3 Bg7 24. fxe4 Bd4+ 25. Kh1 Bxb2 26. Rxb2 Qe7 27. Na4 f5 28.
Nd3 fxe4 29. Nxf4 Rf8 30. Qc1 e3 31. Ne6 Bxe6 32. dxe6 Qxe6 33. Be2 Raf7 34.
Rb3 Rf2 35. Nc3 Qg4 36. Qg1 Rxe2 37. Nxe2 Qxe2 38. Rxe3 Qxc4 39. Re1 Qd3 40.
Rd1 Qe2 41. h3 d5 42. Rb1 d4 43. Qc1 c4 44. Qg5 Rf1+ 45. Rxf1 Qxf1+ 46. Kh2 d3
47. h4 Qf5 48. Qd8+ Qf8 49. Qd5+ Qf7 50. Qd8+ Qf8 51. Qd5+ Qf7 52. Qd8+ Kg7 53.
Qd4+ Kf8 54. Kg1 Ke8 55. a4 Qe6 56. a5 Qe1+ 57. Kh2 Qe6 58. Kg1 Qe1+ 59. Kh2 d2
1/2-1/2

[Event "20. Open Villa de Benidorm"]
[Site "Benidorm ESP"]
[Date "2007.04.23"]
[Round "2.4"]
[White "Fenollar Jorda, Manuel"]
[Black "Chatalbashev, Boris"]
[Result "0-1"]
[WhiteElo "2287"]
[BlackElo "2546"]
[PlyCount "50"]
[EventDate "2007.04.22"]
[EventType "swiss"]
[EventRounds "9"]
[EventCountry "ESP"]
[Source "lmi"]
[SourceDate "2007.04.22"]

1. e4 g6 2. d4 Bg7 3. Nc3 c6 4. g3 d5 5. exd5 cxd5 6. Bg2 Nf6 7. Bg5 Nc6 8.
Nge2 e6 9. O-O h6 10. Bf4 O-O 11. Qd2 g5 12. Be3 Ng4 13. Rad1 Rb8 14. f4 b5 15.
a3 a5 16. Kh1 b4 17. axb4 axb4 18. Na4 Nxe3 19. Qxe3 Ba6 20. Nc5 Bxe2 21. Qxe2
Nxd4 22. Rxd4 Bxd4 23. Nxe6 fxe6 24. Qxe6+ Kg7 25. Rd1 Qf6 0-1

[Event "20. Open Villa de Benidorm"]
[Site "Benidorm ESP"]
[Date "2007.04.23"]
[Round "2.5"]
[White "Khamrakulov, Ibragim S"]
[Black "Vega Gutierrez, Belinda Vidina"]
[Result "1-0"]
[WhiteElo "2545"]
[BlackElo "2159"]
[PlyCount "45"]
[EventDate "2007.04.22"]
[EventType "swiss"]
[EventRounds "9"]
[EventCountry "ESP"]
[Source "lmi"]
[SourceDate "2007.04.22"]

1. e4 e5 2. Nf3 Nc6 3. d4 exd4 4. Nxd4 Bc5 5. Nb3 Bb6 6. Nc3 d6 7. Qe2 Nge7 8.
Be3 O-O 9. O-O-O Be6 10. Nc5 Qc8 11. Nxe6 Bxe3+ 12. Qxe3 Qxe6 13. Kb1 a6 14. h4
f5 15. g3 fxe4 16. Bh3 Qe5 17. Nxe4 Nf5 18. Qb3+ Kh8 19. Ng5 Nh6 20. Qd3 g6 21.
f4 Qf6 22. h5 Nd8 23. Rde1 1-0

[Event "20. Open Villa de Benidorm"]
[Site "Benidorm ESP"]
[Date "2007.04.23"]
[Round "2.6"]
[White "Carrascoso Morales, Abel"]
[Black "Jankovic, Alojzije"]
[Result "0-1"]
[WhiteElo "2215"]
[BlackElo "2541"]
[PlyCount "58"]
[EventDate "2007.04.22"]
[EventType "swiss"]
[EventRounds "9"]
[EventCountry "ESP"]
[Source "lmi"]
[SourceDate "2007.04.22"]

1. e4 c5 2. Nf3 Nc6 3. d4 cxd4 4. Nxd4 Nf6 5. Nc3 d6 6. Bc4 e6 7. Be3 a6 8. Bb3
Qc7 9. Rg1 Na5 10. g4 Nxb3 11. Nxb3 b5 12. g5 Nd7 13. a3 Nb6 14. Bxb6 Qxb6 15.
Qe2 g6 16. O-O-O Bg7 17. f4 Bb7 18. e5 O-O-O 19. Rge1 h6 20. a4 hxg5 21. axb5
gxf4 22. bxa6 Bxa6 23. Qe4 Bxe5 24. Nd4 f5 25. Qa8+ Kd7 26. Na4 Qb7 27. Qxb7+
Bxb7 28. Nxf5 gxf5 29. Rxe5 Ke7 0-1

[Event "20. Open Villa de Benidorm"]
[Site "Benidorm ESP"]
[Date "2007.04.23"]
[Round "2.7"]
[White "Narciso Dublan, Marc"]
[Black "Ruiz Viñals, Matias"]
[Result "1-0"]
[WhiteElo "2539"]
[BlackElo "2152"]
[PlyCount "61"]
[EventDate "2007.04.22"]
[EventType "swiss"]
[EventRounds "9"]
[EventCountry "ESP"]
[Source "lmi"]
[SourceDate "2007.04.22"]

1. c4 e5 2. Nf3 Nc6 3. Nc3 Nf6 4. d3 h6 5. e3 d5 6. cxd5 Nxd5 7. Be2 Be7 8. O-O
O-O 9. Qc2 Be6 10. a3 f5 11. Na4 Qd6 12. b4 Rad8 13. Bb2 Bf6 14. Nc5 Bc8 15.
Rfd1 g5 16. d4 e4 17. Ne5 Bxe5 18. dxe5 Nxe5 19. h3 Qe7 20. Nxe4 Ng6 21. Nc3
Nf6 22. Rxd8 Qxd8 23. Nb5 c6 24. Qc4+ Kg7 25. Nxa7 Bd7 26. b5 Qb6 27. Bd4 Qa5
28. bxc6 bxc6 29. Nxc6 Qc7 30. Bxf6+ Kxf6 31. Qd4+ 1-0

[Event "20. Open Villa de Benidorm"]
[Site "Benidorm ESP"]
[Date "2007.04.23"]
[Round "2.8"]
[White "Moreto Quintana, Alex"]
[Black "Suba, Mihai"]
[Result "0-1"]
[WhiteElo "2153"]
[BlackElo "2537"]
[PlyCount "78"]
[EventDate "2007.04.22"]
[EventType "swiss"]
[EventRounds "9"]
[EventCountry "ESP"]
[Source "lmi"]
[SourceDate "2007.04.22"]

1. d4 Nf6 2. c4 e6 3. Nf3 Bb4+ 4. Bd2 a5 5. Qc2 Nc6 6. Nc3 d5 7. cxd5 exd5 8.
g3 O-O 9. Bg2 Bg4 10. Qd3 Re8 11. O-O Ne4 12. Bf4 Bf5 13. Qb5 Bxc3 14. bxc3
Nxc3 15. Qxb7 Nxe2+ 16. Kh1 Nxf4 17. gxf4 Re6 18. Ng5 Rd6 19. Rac1 Rb8 20. Qa6
Nxd4 21. Qxa5 h6 22. Nf3 Ne2 23. Rxc7 Nxf4 24. Qa7 Ra6 25. Qxa6 Qxc7 26. Ne1
Kh7 27. Qa3 Qc4 28. Qa7 Nxg2 29. Kxg2 Qg4+ 30. Kh1 Qh3 31. Ng2 Be4 32. f3 Rb2
33. Qg1 Bxf3 34. Rf2 Bxg2+ 35. Rxg2 Qf3 36. a4 d4 37. h4 d3 38. Kh2 Rxg2+ 39.
Qxg2 Qxg2+ 0-1

[Event "20. Open Villa de Benidorm"]
[Site "Benidorm ESP"]
[Date "2007.04.23"]
[Round "2.9"]
[White "Arizmendi Martinez, Julen L"]
[Black "Serrano Marhuenda, Salvador"]
[Result "1-0"]
[WhiteElo "2525"]
[BlackElo "2143"]
[PlyCount "65"]
[EventDate "2007.04.22"]
[EventType "swiss"]
[EventRounds "9"]
[EventCountry "ESP"]
[Source "lmi"]
[SourceDate "2007.04.22"]

1. e4 c5 2. Nc3 e6 3. Nf3 a6 4. d4 cxd4 5. Nxd4 Qc7 6. Bd3 Nf6 7. O-O Nc6 8.
Nxc6 bxc6 9. f4 d5 10. e5 Nd7 11. Na4 Nc5 12. Nxc5 Bxc5+ 13. Kh1 g6 14. c4 O-O
15. Qc2 Qe7 16. Bd2 Bd7 17. Rac1 Rfc8 18. Ba5 Be8 19. a3 Bd7 20. b4 Be3 21.
Rce1 d4 22. c5 Kg7 23. Qe2 f6 24. exf6+ Qxf6 25. Bxa6 Qf5 26. Bxc8 Bxc8 27. Qf3
Ba6 28. Qxc6 Bxf1 29. Rxf1 Rf8 30. Bc7 h5 31. Qf3 Rf7 32. Be5+ Kh7 33. c6 1-0

[Event "20. Open Villa de Benidorm"]
[Site "Benidorm ESP"]
[Date "2007.04.23"]
[Round "2.10"]
[White "Megias Ortiz, Vicente Manuel"]
[Black "Paunovic, Dragan"]
[Result "0-1"]
[WhiteElo "2144"]
[BlackElo "2524"]
[PlyCount "65"]
[EventDate "2007.04.22"]
[EventType "swiss"]
[EventRounds "9"]
[EventCountry "ESP"]
[Source "lmi"]
[SourceDate "2007.04.22"]

1. d4 d6 2. e4 Nf6 3. f3 c5 4. dxc5 Qa5+ 5. c3 Qxc5 6. Qd4 Qc7 7. Na3 Nc6 8.
Qf2 e6 9. Nb5 Qb8 10. Be3 Be7 11. Nd4 O-O 12. Nxc6 bxc6 13. Bd3 e5 14. b3 a5
15. Ne2 Be6 16. O-O a4 17. b4 a3 18. h3 d5 19. Bc5 Bxc5 20. Qxc5 dxe4 21. fxe4
Rd8 22. Rf3 Qa7 23. Qxa7 Rxa7 24. Nc1 Rad7 25. g4 h5 26. g5 Nh7 27. h4 Nf8 28.
Kf2 Ng6 29. Kg3 Nf4 30. Bf1 Rd1 31. c4 R8d2 32. Rf2 Rb2 33. Nb3 0-1